000 00770cam a22002653a 4500
001 19228
003 PGUSA
005 20140828083416.0
008 060909s2006||||xxu|||||s|||||000 | eng d
040 _aPGUSA
_beng
042 _adc
050 4 _aPR
100 1 _aShakespeare, William,
_d1564-1616
245 1 0 _aPériclès :
_bTragédie
_h[electronic resource] /
_cWilliam Shakespeare
260 _bProject Gutenberg,
_c2006
506 _aPublic domain in the USA.
516 _aElectronic text
653 _aPrinces -- Lebanon -- Tyre -- Drama
653 _aTyre (Lebanon) -- Drama
653 _aTragicomedy
700 1 _aGuizot, François,
_d1787-1874
830 0 _aProject Gutenberg
_v19228
856 4 0 _uhttp://www.gutenberg.org/ebooks/19228
942 _cEB
999 _c248483
_d248483